000 00759cam a22002653a 4500
001 7479
003 PGUSA
005 20140828083145.0
008 050201s2005||||xxu|||||s|||||000 1 eng d
040 _aPGUSA
_beng
042 _adc
050 4 _aPZ
100 1 _aBrooks, Amy
245 1 0 _aDorothy Dainty at Glenmore
_h[electronic resource] /
_cAmy Brooks
260 _bProject Gutenberg,
_c2005
500 _aIllustrated by the author.
506 _aPublic domain in the USA.
516 _aElectronic text
653 _aGirls -- Juvenile fiction
653 _aFriendship -- Juvenile fiction
653 _aBoarding schools -- Juvenile fiction
830 0 _aProject Gutenberg
_v7479
856 4 0 _uhttp://www.gutenberg.org/ebooks/7479
942 _cEB
999 _c236799
_d236799